NBL Teams (Australia) - Statistics

General Stats
  • This quiz has been taken 174 times
  • The average score is 9 of 10
Answer Stats
Team Answer % Correct
Sydney Kings
100%
Brisbane Bullets
97%
Cairns Taipans
97%
Perth Wildcats
97%
Adelaide 36ers
94%
New Zealand Breakers
94%
Illawarra Hawks
91%
Tasmania JackJumpers
91%
Melbourne United
91%
South East Melbourne Phoenix
85%
No matching quizzes found
Score Distribution
Percent of People with Each Score
Percentile by Number Answered
Your Score History
You have not taken this quiz